Návrh na rozšírenie marketingových aktivít v oblasti komunikácie spoločnosti RECTE diplomová práca

Guardado en:
Detalles Bibliográficos
Autor principal: Klobušník, Matúš
Autor Corporativo: Obchodná fakulta EU. Katedra marketingu
Otros Autores: Čimo, Jozef
Formato: Libro
Lenguaje:eslovaco
Publicado: Bratislava 2009
Etiquetas: Agregar Etiqueta
Sin Etiquetas, Sea el primero en etiquetar este registro!

MARC

LEADER 00000nam$a2200000$$$4500
001 0107573
005 20240318135454.2
041 0 |a slo 
044 |a SK 
245 1 0 |a Návrh na rozšírenie marketingových aktivít v oblasti komunikácie spoločnosti RECTE  |b diplomová práca  |c Matúš Klobušník ; škol. Jozef Čimo 
264 1 |a Bratislava  |c 2009 
300 |a 83 s. 
100 1 |a Klobušník, Matúš 
700 1 |a Čimo, Jozef 
710 2 |a Obchodná fakulta EU. Katedra marketingu